000 00827nam a2200241 a 4500
005 20231128063932.0
008 151026s2011 mx r 000 0 spa d
020 _a9786074861341
020 _a9786070226502
035 _aUPN01000206349
049 _aCG
050 4 _aF1221 T8
_bG8.3
245 0 3 _aLa guerra de las dos vírgenes :
_bla rebelión de Los Zendales (Chiapas, 1712) documentada, recordada, recreada /
_ced. Jan de Vos.
260 _aMéxico :
_bCIESAS :
_bUNAM,
_c2011.
300 _a317 p. :
_bil., cuadros
651 4 _aCHIAPAS -
_xHISTORIA -
_yREBELION TZELTAL, 1712
_924444
650 7 _aTzeltales
_xVida social y costumbres
_2
_919788
650 4 _aIndígenas de México
_xHistoria
_912765
700 1 _aVos, Jan de,
_d1936-
_eed.
_929493
905 _aLibro
999 _c178450
_d178450